Регионална библиотека "Любен Каравелов" - Русе

Катеричке моя (Запис номер 142524)

MARC детайли
000 -Лидер
Контролно поле с фиксирана дължина nam a22 a 4500
003 - Код на организацията, давaща контролен номер
Контролно поле BLK
005 - Дата и час на последна редакция
Контролно поле 20230510163853.0
008 - Елементи от данни с фиксирана дължина
fixed length control field 180409b bul|||||r ||||||| ||bul||
010 ## - Наследен системен номер
LC control number KNG00148617000
040 ## - Източник на каталожния запис
Идентификатор на билиотеката - собственик на записа BLK
041 ## - Код за език
Код за езика на текст/звукозапис или на отделно заглавие Български
Код за езика КДБФ Български
080 ## - УДК
Текстов определител УДК Българска литература
УДК код - определител по УДК 821.163.2
УДК определител -93-1
УДК - код + определител 821.163.2-93-1
100 1# - Редна дума - Автор
Автор Стефанова, Лиляна Димитрова
Авторска отговорност първи автор
R(LIN) 255914
139 ## - Редно поле
Редна дума Стефанова, Лиляна Димитрова
Авторски знак Сте - С 75
245 10 - Сведения за заглавието
Заглавие Катеричке моя
Подзаглавни данни Стихове за деца
Редно поле (дума) Лиляна Димитрова Стефанова; худож. Иван Стефанов Богданов.
257 ## - Страна на издаване
Страна на създаване/издаване България
260 ## - Област на издателските данни
Място на издаване, разпространение и проч. София
Име на издателя, разпространителя и проч. Бълг. писател
Година на издаване 1981
300 ## - Физическа характеристика
Страници 72 с.
Илюстрации и др. с ил.
Размери/Мащаб 22 см
380 ## - Жанр
Жанр Детска худож. лит.
500 ## - Общи забележки
Забележка 15 113 тир. - 2 113 екз. от тир. подв.
700 1# - Други автори (авторска отговорност)
Лично име Богданов, Иван Стефанов
Автороска отговорност (Описва отношението между автора и произведението) худож.
9 (RLIN) 379190
852 ## - Местоположение
Форматна сигнатура Цб 262215
856 4# - Електронен адрес и достъп
Електронен формат pdf - файл
Инструкция (цена за достъп) 1.07
Права за достъп disable
856 4# - Електронен адрес и достъп
Електронен формат pdf - файл
Инструкция (цена за достъп) 1.07
Права за достъп disable
999 ## - СИСТЕМНИ КОНТРОЛНИ НОМЕРА
Koha biblionumber 142524
Koha biblioitemnumber 142524
942 ## - АРТИКУЛИ
Вид на библиотечния материал Книги
Скрит в OPAC Не
Koha issues (borrowed), all copies 2
Периодичен библиозапис Да
944 ## - СЪЗДАВАНЕ И РЕДАКЦИЯ на ЗАПИСА
Създаване/Редакция Създаване
Дата на регистрацията/редакция 06.08.2013
Статус, дата на статуса 06.08.2013 - от С1,Р / 06.08.2013
Служител, извършил регистрацията/редакцията Айшегюл_Сабриева
944 ## - СЪЗДАВАНЕ И РЕДАКЦИЯ на ЗАПИСА
Създаване/Редакция Редакция
Дата на регистрацията/редакция 12.09.2017
Статус, дата на статуса 06.08.2013 - от С1,Р / 06.08.2013
Служител, извършил регистрацията/редакцията Вася_Ганчева
999 ## - СИСТЕМНИ КОНТРОЛНИ НОМЕРА
Koha biblioitemnumber 142524
Наличности
Код за отписване Код за изгубен артикул Източник на класификационната схема Код за повреда Коз за рестрикции Код за отдаване Артикулен № Име на библиотеката - собственик Име на библиотеката, в която се намира в момента Статус (Текущо местоположение) Дата на вписване в системата Местоположение - отдел Цена в лева Инвентарен номер Систематично азбучна сигнатура Баркод Номер на екземпляра Цена в евро Служебна бележка Служебен тип на артикула Бележка за публиката
  Не е изгубен Universal Decimal Classification Не е повреден без рестрикции ползва се в читалня 235841 Регионална библиотека "Любен Каравелов" Русе Регионална библиотека "Любен Каравелов" Русе Хранилище 1981-01-01 Хранилище 1.07 342739 Цб 262215 120000342739 1 0.55 Вид: СФ N: стар фонд Дата: 01.01.1981 Книги  
Изтеглен Не е изгубен   Не е повреден без рестрикции заемане за дома 235842 Регионална библиотека "Любен Каравелов" Русе Регионална библиотека "Любен Каравелов" Русе   1981-01-01 Детски отдел 1.07 345941 ДХ 886.7/С 75 345941 2 0.55 Вид: СФ N: стар фонд Дата: 01.01.1981 Дата инв: 28.09.2015 Бележки инв: Д2015 Книги Отч.N: 27/2017 , Дата: 16.08.2017
Изтеглен Не е изгубен Universal Decimal Classification Не е повреден без рестрикции заемане за дома 235843 Регионална библиотека "Любен Каравелов" Русе Регионална библиотека "Любен Каравелов" Русе Детски отдел 1981-01-01 Детски отдел 1.07 345942 ДХ 886.7/С 75 345942 3 0.55 Вид: СФ N: стар фонд Дата: 01.01.1981 Дата инв: 28.09.2015 Бележки инв: Д2015 Книги  
  Не е изгубен Universal Decimal Classification Не е повреден без рестрикции заемане за дома 235844 Регионална библиотека "Любен Каравелов" Русе Регионална библиотека "Любен Каравелов" Русе Детски отдел 1981-01-01 Детски отдел 1.07 345943 ДХ 886.7/С 75 120000345943 4 0.55 Вид: СФ N: стар фонд Дата: 01.01.1981 Дата инв: 05.08.2015 Бележки инв: Д2015 Книги  
Изтеглен Не е изгубен Universal Decimal Classification Не е повреден без рестрикции заемане за дома 235845 Регионална библиотека "Любен Каравелов" Русе Регионална библиотека "Любен Каравелов" Русе Детски отдел 1981-01-01 Детски отдел 1.07 345944 ДХ 886.7/С 75 345944 5 0.55 Вид: СФ N: стар фонд Дата: 01.01.1981 Дата инв: 28.09.2015 Бележки инв: Д2015 Книги  
Изтеглен Не е изгубен   Не е повреден без рестрикции заемане за дома 235846 Регионална библиотека "Любен Каравелов" Русе Регионална библиотека "Любен Каравелов" Русе   1981-01-01 Детски отдел 1.07 345945 ДХ 886.7/С 75 345945 6 0.55 Вид: СФ N: стар фонд Дата: 01.01.1981 Дата инв: 03.11.2015 Бележки инв: Д2015 Книги Отч.N: 41/2017 , Дата: 08.09.2017
Vip Innovations Ltd, Rousse, Bulgaria 2025